000 02155nam a2200337 i 4500
001 185172
003 ES-MaACL
005 20250813063342.0
008 160401s2015 mx p |||| | spa d
020 _a978-84-616-9268-2
080 _a821.134.2-13"15"
100 1 _aMal Lara, Juan de,
_d1524-1571
_9159232
245 1 0 _aHércules animoso /
_cJuan de Mal Lara ; estudio preliminar, notas y edición crítica de Francisco Javier Escobar Borrego ; [coordina la edición, José J. Labrador Herraiz ; prólogo, Juan Montero].
250 _a1ª ed.
260 _aMéxico, D.F. :
_bFrente de Afirmación Hispanista,A.C.,
_c2015 (
_eTorrejón de Ardoz :
_fGráf. Dehon)
300 _a3 v. (624 p., [DCXXV]-DCCXLVII; p. [625]-1227, [MCCXXX]-MCCCLI; p. [1229]-1711, [MDCCXIV]-MDCCCXXXV) ;
_c24 cm.
504 _aBibliografía: 287-299.
505 8 _aContiene: I. Libro primero. Libro segundo. Libro tercero - II. Libro cuarto. Libro quinto. Libro sexto. Libro séptimo. Libro octavo. Libro noveno - III. Libro décimo. Libro undécimo. Libro duodécimo. Tabla de los nombres proprios [sic] de dioses, diosas, hombres, mugeres, [sic] nynphas, prouincias, cibdades,[sic] ríos, montes, animales, aues y de otras cosas escuras [sic]...
505 8 _aContiene: Aparato crítico e índices onomástico y topográfico en los 3 v. (v. 1: DCXXV-DCCXLVII p.; v. 2: MCCXXIX-MCCCLI p.; v. 3: MDCCXIII-MDCCCXXXV p.)
600 1 7 _aMal Lara, Juan de,
_d1524-1571
_2
_9159232
700 1 _aEscobar Borrego, Francisco Javier,
_d1974-
_9159233
700 1 _aLabrador Herraiz, José J.
_969288
700 1 _aMontero, Juan,
_d1958-
_9159267
710 2 _aFrente de Afirmación Hispanista, A.C.
_9159234
852 _aES-MaACL
_jA-13673
_9192191
_bR.151057
_cDEPO1
_dOlim: N-6673
_hDonacion: Jose J. Labrador Herraiz
_pVol. 1
852 _aES-MaACL
_jA-13674
_pVol. 2
_9200877
_bR.151057
_cDEPO1
_dOlim: N-6674
_hDonación: José J. Labrador Herraez
852 _aES-MaACL
_jA-13675
_pVol.3
_9 200878
_bR.151057
_cDEPO1
_dOlim: N-6675
_hDonación: José L. Labrador Herraez
903 _969288
_aLabrador Herraiz, José J.
_ednr
942 _2udc
999 _c185172
_d185172